00730nam a2200241 a 4500001001300000003000900013005001700022008004100039020001000080082001600090100002600106245003200132260004100164300000800205500003500213505005200248650001500300700002600315902000800341942000700349952011700356999001500473nice12345678IN_TiNIC20260116012347.0050524s0000 cala grp 000 0 eng  ac10000a297.86bAMI aAmini, M Sharif Ahmed aAhmadiyya Movement in Islam aCalcuttabBharat Lithographingc0000 a19p aincludes index and biblioraphy2 athe founder of the ahmadiyya movement in islam. aAhmadiyyah1 aAmini, M Sharif Ahmed bSRS cBK 001040708StackRoom-aHMIbHMId2007-07-02g100.00l0o297.86 AMIp010439r2007-07-02v100.00w2005-05-24yBK c6699d6699